<?xml version="1.0" encoding="UTF-8"?>
<marc:record xmlns:marc="http://www.loc.gov/MARC21/slim">
   <marc:leader>00000nam a2200000 a 4500</marc:leader>
   <marc:datafield ind1="1" ind2=" " tag="100">
      <marc:subfield code="a">Hölzer, Aurelia</marc:subfield>
      <marc:subfield code="4">aut</marc:subfield>
      <marc:subfield code="e">Verfasser/-in</marc:subfield>
   </marc:datafield>
   <marc:datafield ind1="0" ind2="0" tag="245">
      <marc:subfield code="a">Polarschimmer</marc:subfield>
   </marc:datafield>
   <marc:datafield ind1="0" ind2="0" tag="245">
      <marc:subfield code="b">eine Welt aus Eis und Licht - 54 Wochen in der Antarktis</marc:subfield>
   </marc:datafield>
   <marc:datafield ind1=" " ind2="1" tag="264">
      <marc:subfield code="b">Malik</marc:subfield>
      <marc:subfield code="c">2025</marc:subfield>
   </marc:datafield>
   <marc:datafield ind1="1" ind2=" " tag="520">
      <marc:subfield code="a">Ein Blick hinter die Kulissen einer Überwinterung auf Neumayer III
Wenn draußen der Sturm tobt und die Polarlichter vor dem Fenster tanzen, fühlt Aurelia Hölzer sich geborgen und lebendig. Nichts Schöneres kann sie sich vorstellen, als gemeinsam mit ihrem Team die Abgeschiedenheit auf der antarktischen Forschungsstation Neumayer III zu erleben.

Eine Liebeserklärung ans Leben im Eis

In »Polarschimmer« lässt die Chirurgin uns am oft etwas wunderlichen Alltag im Eis und auf der Forschungsstation teilhaben. Sie gibt Einblicke in die einzelnen Arbeits- und Forschungsbereiche, Hintergründe zur Tierwelt in einem fragilen Ökosystem, und erklärt, wie diese einzigartige Station funktioniert.

Liebevolle Naturbeschreibungen treffen auf Stahl und Technik

Dabei ist die Realität nicht nur romantisch-heimelig. Sieben Monate lang ist das neunköpfige Team in ihrem ungewöhnlichen Zuhause ganz auf sich gestellt und hätte selbst im Notfall keine Möglichkeit zu evakuieren. Ein inspirierender Bericht über ein außergewöhnliches Jahr.[Verlagstext]</marc:subfield>
   </marc:datafield>
   <marc:datafield ind1=" " ind2=" " tag="020">
      <marc:subfield code="a">9783890295916</marc:subfield>
      <marc:subfield code="9">9783890295916</marc:subfield>
   </marc:datafield>
</marc:record>
